1582 1415 1711 1035 1345 1286 1233 1609 1178 1385 1857 1227 1278 1719 1725 1361 1291 1719 1369 1050 1460 1799 1285 1121 1840 1743 1507 1369 1430 1116 2000 1462 1255 1293 1935 1340 1681 1087 1545 1429 1716 1081 1142 1008 1538 1728 1604 1830 1370 1484 1467 1700 1962 1113 1997 1892 1714 1935 1423 1429 1068 1500 1346 1531 1452 1021 1839 1067 1508 1308 1723 1216 1172 1294 1093 1557 1880 1834 1386 1943 1380 1758 1684 1019 1006 1697 1527 1167 1064 1295 1184 1319 1909 1290 1518 1132 1196 1116 1716 BCNSPRNW ULIB Ver.6.0+V

เปลี่ยนเป็นภาษาไทย

Change to English
 แสดงรายละเอียดบรรณานุกรม
  กลับหน้าหลัก

Brief Record : Get Marc (ISO 2709) : E-mail record : QR code < ปิดหน้าต่าง
LEADER : 00000nam 2200000uu 4500
001    13399114592
003     ULIB
008    120418s2552||||th 000 0 tha d
020    ^a9786115520251
090    ^aรส.^bG111ว 2552
100 0  ^aMoon Gye-joo
245 00 ^aวรรณกรรมอมตะระดับโลก เจ้าชายน้อย/^cMoon Gye-joo
250    ^aพิมพ์ครั้งที่ ?
260    ^aกรุงเทพฯ :^bBook wave
300    ^a220 หน้า
710 1  ^abook wave
945    ^p179^l0^i15779
995    ^aกัณชพร
999    ^aใช้งานได้ทุกระบบ
รายการนี้ยังไม่มีแท็ก
คุณยังไม่ได้ล็อกอิน คุณสามารถมีกิจกรรมร่วมกับเว็บไซต์ได้ แต่ต้องล็อกอินก่อน ::
  ล็อกอิน

รายการสื่อสารสนเทศ

ลำดับที่ ประเภท เลขเรียก/บาร์โค้ด สถานที่ สถานะ
1. วิทยาศาสตร์การแพทย์ และสุขภาพ
วิทยาศาสตร์การแพทย์ และสุขภาพ
รส. G111ว 2552  
  Barcode: 15779
ห้องสมุดวิทยาเขตสวรรค์ประชารักษ์
►นวนิยาย
บนชั้น
  ขอยืม

BibComment


ยังไม่เคยถูกคอมเมนท์

คอมเมนท์ทรัพยากรรายการนี้
  คอมเมนท์: วรรณกรรมอมตะระดั..


 Copyright 2026. Bcnsprnw @Library